Word Ladder: Running Mates Quiz Stats

 Plays Quiz Updated Jul 23, 2016

Challenge
Share
Tweet
Embed
Score 0/16 Timer 03:00
0 Plays Today
Hint 5-Letter Word % Correct
'Don't do the _____ if you can't do the time'CRIME
94.7%
Coin for your thoughtsPENNY
94.7%
Chili con _____CARNE
92.8%
Cylindrical pastaPENNE
92.7%
Pinch into folds or ridgesCRIMP
86.1%
Country fair workerCARNY
85.9%
Involuntary muscle contractionCRAMP
85.5%
Inventor of the 'Grand Slam Breakfast'?DENNY
84.9%
Hint 5-Letter Word % Correct
Card suit that can win over other suits• TRUMP •
81.2%
One-hundredths of a UK pound• PENCE •
80.7%
Charlie Chaplin characterTRAMP
79.9%
'Crazy' PatsyCLINE
79.6%
A region known for its weatherCLIME
77.9%
Humphrey Bogart's mutinyCAINE
77.4%
ShrewdCANNY
76.5%
Zuko, Phantom or Elfman, e.g.DANNY
75.9%

Today's Daily Dose

You're not logged in!

Compare scores with friends on all Sporcle quizzes.
OR
Log In

You Might Also Like...

Show Comments

Extras

Top Quizzes Today


Score Distribution

Your Account Isn't Verified!

In order to create a playlist on Sporcle, you need to verify the email address you used during registration. Go to your Sporcle Settings to finish the process.

Report this User

Report this user for behavior that violates our Community Guidelines.

Details: